Etnické komunity kontinuita kulturní reprodukce

Na minha lista:
Detalhes bibliográficos
Outros Autores: Bittnerová, Dana, Moravcová, Mirjam
Formato: Livro
Idioma:tcheco
eslovaco
inglês
Publicado em: Praha Fakulta humanitních studií Univerzity Karlovy v Praze 2012
Assuntos:
Tags: Adicionar Tag
Sem tags, seja o primeiro a adicionar uma tag!

MARC

LEADER 00000nam a2200000 4500
001 0222330
005 20240314103440.1
020 |a 978-80-87398-29-6 
041 0 |a cze 
041 0 |a slo 
041 0 |a eng 
044 |a CZ 
245 1 0 |a Etnické komunity  |b kontinuita kulturní reprodukce  |c eds. Dana Bittnerová, Mirjam Moravcová 
264 1 |a Praha  |b Fakulta humanitních studií Univerzity Karlovy v Praze  |c 2012 
300 |a 292 s. 
610 2 0 |a etnikum 
610 2 0 |a cudzinci 
610 2 0 |a migrácia 
610 2 0 |a imigrácia 
610 2 0 |a ruch cestovný 
610 2 0 |a kúpele 
610 2 0 |a študenti zahraniční 
610 2 0 |a zvyklosti kultúrne 
610 2 0 |a konflikty 
610 2 0 |a identita 
610 2 0 |a asimilácia 
610 2 0 |a adaptácia 
610 2 0 |a integrácia 
610 2 0 |a komunikácia interkultúrna 
610 2 0 |a menšiny národnostné 
610 2 0 |a štúdie prípadové 
700 1 |a Bittnerová, Dana 
700 1 |a Moravcová, Mirjam